Movies Quiz

Random Movies or Quote Quiz

Film Quotes. Quiz Stats

Quiz not verified by Sporcle

Challenge
Share
Tweet
Embed
Score 0/15 Timer 10:00
0 Plays Today
new-old films % Correct
Nobody puts baby in the cornerDirty Dancing
69.9%
Leave Spider Pig here, Marge he's not Spider Pig anymore, he has a scar, he is now Harry Plopper.The Simpsons Movie
68.5%
Better out than in I always say, right Fiona?Shrek 2
57.3%
I don't know who you are, and I don't know what you want, but know this, I will find you and kill you.Taken
55.2%
Typical isn't it? You wait 20 years for a dad and 3 turn up at once.Mamma Mia
43.4%
It's so fluffy I'm gonna die.Despicable Me
39.2%
Where did you get the name, 'The Italian Stallion'? Oh I made that up one night while I was eating dinner.Rocky
37.8%
She wants to be taken to the Captain. And she'll go without a fuss. We must honor the Code. Pirates of the Caribbean: The Curse of The Black Pearl
25.9%
new-old films % Correct
Oww my giant blue head.Megamind
22.4%
You're a fake and a phony and I wish I never laid eyes on you! Grease
21.7%
You know, why don't they ever a make a movie about what happens after they kiss? They do. It's called porn. Friends With Benefits
21.7%
Why have trillions, when we could have... billions?Austin Powers The Spy Who Shagged Me
18.9%
What's your name? Fat Amy, You call yourself Fat Amy? Yeah so bitches like you don't say it behind my back.Pitch Perfect
15.4%
Witch! Witch! You're a bitch! Witch! Witch! You're a bitch! You'd think after three hundred years they'd come up with a better rhyme! Practical Magic
14%
Summer, summer, summer, summer, summerHigh School Musical 2
13.3%

You're not logged in!

Compare scores with friends on all Sporcle quizzes.
Join for Free
OR
Log In

You Might Also Like...

Show Comments

Extras

Top Quizzes Today


Score Distribution

Your Account Isn't Verified!

In order to create a playlist on Sporcle, you need to verify the email address you used during registration. Go to your Sporcle Settings to finish the process.

Report this User

Report this user for behavior that violates our Community Guidelines.

Details: